000 00608cam a22002291 4500
001 461771
003 ARRUPE
005 20141219165208.0
008 860415s1946 enk 000 0 eng
035 _a(OCoLC)264373649
035 _a(OCoLC)ocn264373649
035 _a(CStRLIN)NYCG86-B38450
035 _a(NNC)461771
040 _dNNC
_cDLC
050 _aPZ3. G1314. H8
100 1 _aGale, W. D.
_q(William Daniel)
_93827
245 1 4 _aThe hundred wagons
_ba novel,
_cby William Gale.
260 _aLondon,
_bJ. Long
_c[1946]
300 _a208 p.
_c19 cm.
942 _2lcc
_cMONOGRAPH
999 _c121344
_d121344